Nomi femminili più attribuiti in Italia nel 2024 - Statistics

Statistiche generali
  • Questo quiz è stato fatto 234 volte
  • Il punteggio medio è 4 su 20
Answers on the Grid
Answers color-coded by a green-red scale on the quiz's grid according to % correct below.
Alessia
Alice
Anna
Arianna
Asia
Aurora
Azzurra
Beatrice
Bianca
Camilla
Chanel
Chiara
Elena
Elodie
Emma
Federica
Francesca
Gaia
Ginevra
Gioia
Giorgia
Giulia
Giuseppina
Greta
Isabel
Jessica
Laura
Ludovica
Maria
Martina
Matilde
Nicole
Sara
Silvia
Sofia
Vittoria
 
Statistiche sulle risposte
Risposta % Corretto
Alice
56%
Sofia
41%
Anna
40%
Aurora
38%
Chiara
29%
Emma
29%
Giulia
28%
Beatrice
24%
Vittoria
24%
Arianna
18%
Ginevra
18%
Ludovica
17%
Bianca
15%
Camilla
15%
Matilde
14%
Giorgia
12%
Azzurra
10%
Nicole
10%
Greta
8%
Isabel
5%
Nessun quiz corrispondente trovato
Distribuzione punteggi
Percentuale di utenti per punteggio
Percentile per numero di risposta
I tuoi punteggi nel tempo
Non hai fatto questo quiz